Fibrilácia predsiení. : Základné fakty. /
Uložené v:
| Hlavní autori: | , |
|---|---|
| Médium: | Kniha |
| Jazyk: | Slovak |
| Vydané: |
Košice :
Oriens,
2002
|
| Vydanie: | 1. vyd. |
| Témy: | |
| ISBN: |
8088828279 (viaz.) |
| Fyzický popis: |
63 s. |
| Tagy: |
Pridať tag
Žiadne tagy, Buďte prvý kto otaguje tento záznam!
|
Titul je dostupný aj v ... 

MARC
| LEADER | 00000nam a2200000 a 4500 | ||
|---|---|---|---|
| 001 | 000088607 | ||
| 003 | SVKK | ||
| 005 | 20030324000000.0 | ||
| 008 | 030117s2002 xo e sloo | ||
| 020 | |a 8088828279 (viaz.) | ||
| 040 | |a SVKKK |b slo |c SVKKK |e AACR2 | ||
| 041 | 0 | |a slo | |
| 044 | |a xo |c SK | ||
| 080 | |a 616.125(035) |2 1997 | ||
| 100 | 1 | |a Kalist, Peter |4 aut | |
| 245 | 1 | 0 | |a Fibrilácia predsiení. : |b Základné fakty. / |c Peter Kalist, Jozef Pella |
| 250 | |a 1. vyd. | ||
| 260 | |a Košice : |b Oriens, |c 2002 | ||
| 300 | |a 63 s. | ||
| 653 | 0 | |a srdce |2 SVKKKPH | |
| 653 | 0 | |a fibrilácia predsiení |2 SVKKKPH | |
| 653 | 0 | |a príručky |2 SVKKKPH | |
| 655 | 7 | |a príručky |2 SVKKKPH | |
| 700 | 1 | |a Pella, Jozef |4 aut | |
| 910 | |a svkkk | ||
| 919 | |a 80-88828-27-9 | ||
| 974 | |a UH |d 20030717 | ||
| 974 | |a MI |d 20030619 | ||
| 974 | |a MI |d 20030718 | ||
| 998 | |a BK | ||
| 090 | |g SCKHL |k Sklad Pribinova prízemie |a IV.187260 |j 950723 |i 2720211873 |s Absenčne | ||
| 090 | |g SCKHL |k Sklad Pribinova prízemie |a IV.188097 |j 953525 |i 2720129900 |s Absenčne | ||